[Event "Open SSM Inverno"]
[Site "Milano ITA"]
[Date "2015.01.13"]
[Round "1"]
[White "Aloe, Giancarlo"]
[Black "Astengo, Corrado"]
[WhiteElo "1631"]
[BlackElo "2123"]
[Result "0-1"]
[PlyCount "64"]
[EventDate "2015.02.05"]

1. d4 d5 2. Nf3 Nf6 3. g3 Bf5 4. Bg2 e6 5. O-O Bd6 6. Nbd2 O-O 7. c4 c6 8. b3
Nbd7 9. Bb2 Rc8 10. Nh4 Bg4 11. h3 Bh5 12. Qc2 Bxe2 13. Rfe1 Bh5 14. Nhf3 c5
15. Ne5 cxd4 16. Bxd4 Nxe5 17. Bxe5 Bxe5 18. Rxe5 b5 19. Qb2 bxc4 20. bxc4 dxc4
21. Ne4 Bg6 22. Rc1 Nd5 23. Qa3 Qb6 24. Nd6 Rc5 25. Nxc4 Qc7 26. Rce1 Rxc4 27.
Bxd5 Rc5 28. Rxe6 fxe6 29. Bxe6+ Kh8 30. Bb3 Rc8 31. Kh2 Rc1 32. Re7 Qc6 0-1

[Event "Open SSM Inverno"]
[Site "Milano ITA"]
[Date "2015.01.13"]
[Round "1"]
[White "Colica, Daniele"]
[Black "Colombo, Abner"]
[WhiteElo "1705"]
[BlackElo "1307"]
[Result "1-0"]
[PlyCount "43"]
[EventDate "2015.02.05"]

1. Nf3 d5 2. b3 Nf6 3. Bb2 Nc6 4. e3 a6 5. c4 Bg4 6. d4 e6 7. a3 Be7 8. Be2 O-O
9. O-O Qd7 10. Ne5 Nxe5 11. dxe5 Bxe2 12. Qxe2 Ne8 13. Nc3 f5 14. Rfd1 c6 15.
Na4 Qc7 16. Rac1 b5 17. cxb5 axb5 18. Nc5 Bxc5 19. Rxc5 Qb6 20. Rdc1 Nc7 21.
Rxc6 Qb8 22. Rxc7 1-0

[Event "Open SSM Inverno"]
[Site "Milano ITA"]
[Date "2015.01.13"]
[Round "1"]
[White "Di Paola, Antonio"]
[Black "Montaruli, Beatrice"]
[WhiteElo "1717"]
[BlackElo "1422"]
[Result "1-0"]
[PlyCount "73"]
[EventDate "2015.02.05"]

1. d4 d5 2. c4 e6 3. cxd5 exd5 4. Nc3 Nc6 5. Nf3 Bb4 6. Bg5 Nge7 7. e3 Bg4 8.
Be2 O-O 9. O-O Re8 10. Qc2 Qd6 11. Bf4 Qd7 12. Na4 b6 13. a3 Bd6 14. Bxd6 Qxd6
15. Rac1 a6 16. b4 Ra7 17. Rfe1 Nd8 18. Ng5 Bf5 19. Qb3 Ne6 20. Nf3 Ng6 21. Rc3
Bg4 22. Rec1 h6 23. Rc6 Qd8 24. Qc2 Qe7 25. h3 Bxf3 26. Bxf3 Rd8 27. Bg4 Rd7
28. Nb2 Ngf8 29. Nd3 Rd6 30. Ne5 Rb7 31. Qd3 Rxc6 32. Nxc6 Qd6 33. Qxa6 Nc5 34.
Qb5 Ne4 35. Bc8 Qf6 36. Qe2 Ne6 37. Bxb7 1-0

[Event "Open SSM Inverno"]
[Site "Milano ITA"]
[Date "2015.01.13"]
[Round "1"]
[White "Fattori, Arnaldo"]
[Black "Papale, Carmelo"]
[WhiteElo "1478"]
[BlackElo "1799"]
[Result "0-1"]
[PlyCount "92"]
[EventDate "2015.02.05"]

1. d4 Nf6 2. c4 c5 3. d5 b5 4. b3 bxc4 5. bxc4 g6 6. Nc3 Bg7 7. Rb1 d6 8. e3
O-O 9. Bd3 Nbd7 10. Nf3 Ng4 11. Bd2 Ba6 12. O-O Nde5 13. Qe2 Qd7 14. h3 Nxf3+
15. Qxf3 Ne5 16. Qe2 Rab8 17. f4 Nxd3 18. Qxd3 Bxc3 19. Qxc3 Qa4 20. Rxb8 Rxb8
21. Rc1 Qxa2 22. Qa5 Qxa5 23. Bxa5 f5 24. Rc2 Rb3 25. Kf2 Ra3 26. Bd2 Ra4 27.
Rb2 Bxc4 28. Kg3 Kf7 29. Kh4 h6 30. g4 fxg4 31. Kxg4 Bxd5 32. Kg3 Ra2 33. Rxa2
Bxa2 34. h4 Bd5 35. Bc3 Be4 36. Ba5 Ke6 37. Bc3 d5 38. Bg7 c4 39. Bc3 h5 40.
Bb4 Kd7 41. Bc3 Kc6 42. Kf2 Kb5 43. Ke2 Ka4 44. Kd2 Kb3 45. Ba5 a6 46. Bc3 e6
0-1

[Event "Open SSM Inverno"]
[Site "Milano ITA"]
[Date "2015.01.13"]
[Round "1"]
[White "Frignani, Alessandro"]
[Black "Casamassima, Paolo"]
[WhiteElo "1378"]
[BlackElo "1709"]
[Result "1-0"]
[PlyCount "79"]
[EventDate "2015.02.05"]

1. e4 c5 2. f4 d6 3. Nf3 a6 4. h3 Nc6 5. d3 g6 6. c3 Bg7 7. Be3 e6 8. Nbd2 Nge7
9. Qa4 O-O 10. g3 b5 11. Qc2 Bb7 12. Bg2 Qc7 13. h4 h5 14. Bh3 f5 15. Ng5 Nd8
16. Rg1 d5 17. e5 Rc8 18. d4 cxd4 19. Bxd4 Ndc6 20. Ndf3 Qd7 21. Qd3 Kh8 22.
Kf2 Ng8 23. Rgc1 Nh6 24. b4 Rfe8 25. Bc5 Ba8 26. a4 Na7 27. Nd4 Nc6 28. axb5
Nxd4 29. Bxd4 axb5 30. Ra5 Rc4 31. Bf1 Ng4+ 32. Kg1 Qc7 33. Qd2 Rxd4 34. cxd4
Qb6 35. Rxb5 Qa7 36. Ra5 Qd7 37. Bb5 Qd8 38. Bxe8 Qxe8 39. Qc3 Bf8 40. Qc8 1-0

[Event "Open SSM Inverno"]
[Site "Milano ITA"]
[Date "2015.01.13"]
[Round "1"]
[White "Giaretta, Fulvio"]
[Black "Marchesotti, Giovanni"]
[WhiteElo "1818"]
[BlackElo "1479"]
[Result "1/2-1/2"]
[PlyCount "51"]
[EventDate "2015.02.05"]

1. e4 d6 2. d4 g6 3. Nf3 Bg7 4. Be2 Nf6 5. Nc3 O-O 6. O-O Bg4 7. h3 Bxf3 8.
Bxf3 Nbd7 9. Ne2 c6 10. Qd3 Qc7 11. Be3 e5 12. c3 d5 13. exd5 cxd5 14. dxe5
Nxe5 15. Bf4 Nxd3 16. Bxc7 Nxb2 17. Rab1 Rfc8 18. Be5 Nc4 19. Bxf6 Bxf6 20.
Rxb7 Nb6 21. Rd1 Rcb8 22. Rc7 Rc8 23. Rxc8+ Rxc8 24. Nf4 Bxc3 25. Nxd5 Nxd5 26.
Bxd5 1/2-1/2

[Event "Open SSM Inverno"]
[Site "Milano ITA"]
[Date "2015.01.13"]
[Round "1"]
[White "Mariano, Elia"]
[Black "Baccarin, Stefano"]
[WhiteElo "2229"]
[BlackElo "1673"]
[Result "1-0"]
[PlyCount "51"]
[EventDate "2015.02.05"]

1. d4 Nf6 2. Nc3 g6 3. Bg5 Bg7 4. Qd2 h6 5. Bf4 d6 6. e4 Nbd7 7. O-O-O g5 8.
Bg3 Nh5 9. Be2 Nxg3 10. hxg3 c5 11. dxc5 Nxc5 12. f4 Qa5 13. e5 Bd7 14. exd6
Bxc3 15. Qxc3 Qxc3 16. bxc3 Ne4 17. Rh2 g4 18. dxe7 Kxe7 19. Re1 Kf8 20. Bxg4
Bc6 21. Ne2 Rd8 22. Bf3 Rd6 23. Rd1 Ke7 24. Nd4 Rf6 25. Nxc6+ Rxc6 26. Bxe4 1-0

[Event "Open SSM Inverno"]
[Site "Milano ITA"]
[Date "2015.01.13"]
[Round "1"]
[White "Montaruli, Roberto"]
[Black "Rottondi, Paolo"]
[WhiteElo "1844"]
[BlackElo "1594"]
[Result "1-0"]
[PlyCount "37"]
[EventDate "2015.02.05"]

1. d4 d5 2. Nc3 Bf5 3. e4 dxe4 4. f3 Nf6 5. Bg5 e3 6. Bd3 Bg6 7. Nge2 Nc6 8.
Bxg6 hxg6 9. Qd3 Nd5 10. O-O-O Qd6 11. Ne4 Qb4 12. a3 Qa5 13. c4 Ndb4 14. axb4
Nxb4 15. Qa3 Qb6 16. Qa4+ c6 17. c5 Qb5 18. Qxb5 cxb5 19. Bxe3 1-0

[Event "Open SSM Inverno"]
[Site "Milano ITA"]
[Date "2015.01.13"]
[Round "1"]
[White "Pelizzola, Danilo"]
[Black "Pasini, Nicolo'"]
[WhiteElo "2053"]
[BlackElo "1644"]
[Result "1-0"]
[PlyCount "85"]
[EventDate "2015.02.05"]

1. e4 c5 2. Nf3 e6 3. d4 cxd4 4. Nxd4 a6 5. c4 Nf6 6. Nc3 d6 7. Be2 Be7 8. O-O
O-O 9. Be3 Nc6 10. Rc1 Bd7 11. Qd2 Rc8 12. f3 Re8 13. Rfd1 Ne5 14. b3 d5 15.
cxd5 exd5 16. Nxd5 Nxd5 17. exd5 Ba3 18. Rxc8 Bxc8 19. Bf1 Qxd5 20. Nc2 Qxd2
21. Rxd2 Bc1 22. Rd1 Bxe3+ 23. Nxe3 Bd7 24. f4 Ng4 25. Rxd7 Nxe3 26. Rxb7 Nxf1
27. Kxf1 g6 28. Kf2 Rc8 29. a4 Kg7 30. h3 Rc6 31. a5 h5 32. Rb6 Rc3 33. h4 Rd3
34. b4 Rb3 35. Ke2 f5 36. Kd2 Kh6 37. Kc2 Rg3 38. Rxa6 Rxg2+ 39. Kd3 Rg4 40. b5
Rxf4 41. b6 Rxh4 42. b7 Rb4 43. Rb6 1-0

[Event "Open SSM Inverno"]
[Site "Milano ITA"]
[Date "2015.01.13"]
[Round "1"]
[White "Pipitone, Filippo Massimo"]
[Black "Villalba, Fernando"]
[WhiteElo "1545"]
[BlackElo "1833"]
[Result "1/2-1/2"]
[PlyCount "96"]
[EventDate "2015.02.05"]

1. d4 d5 2. Nf3 Nf6 3. e3 g6 4. c4 c6 5. Be2 Bg7 6. Nc3 O-O 7. O-O Bg4 8. Qb3
Qb6 9. h3 Bf5 10. cxd5 Nxd5 11. Nxd5 cxd5 12. Qxd5 Be6 13. Qc5 Qxc5 14. dxc5
Nc6 15. g4 Rad8 16. a3 a5 17. Rb1 Rd7 18. Bd2 Bd5 19. Bc3 e5 20. b4 e4 21. Bxg7
exf3 22. Bxf8 fxe2 23. Rfe1 Kxf8 24. Rxe2 Ne5 25. Rc1 Bc4 26. Rec2 Nf3+ 27. Kg2
Bd5 28. Kg3 Ng5 29. h4 Ne4+ 30. Kf4 h6 31. g5 hxg5+ 32. hxg5 f6 33. gxf6 Nxf6
34. b5 Bb3 35. Rb2 a4 36. e4 Kg7 37. f3 Rf7 38. Ke5 Nh5 39. c6 bxc6 40. bxc6
Re7+ 41. Kd6 Re6+ 42. Kc7 Nf6 43. Rd2 Kf7 44. Kb7 Ne8 45. Rd7+ Kf6 46. c7 Nxc7
47. Rdxc7 Ke5 48. R1c3 Rf6 1/2-1/2

[Event "Open SSM Inverno"]
[Site "Milano ITA"]
[Date "2015.01.13"]
[Round "1"]
[White "Pollio, Ciro"]
[Black "Spina, Antonio"]
[WhiteElo "1785"]
[BlackElo "1467"]
[Result "1-0"]
[PlyCount "95"]
[EventDate "2015.02.05"]

1. d4 e6 2. c4 Nf6 3. a3 Be7 4. Nc3 b6 5. d5 Bb7 6. e4 d6 7. Bd3 Nbd7 8. Nf3
Ng4 9. Bf4 Bf6 10. O-O Nge5 11. Nxe5 Nxe5 12. dxe6 fxe6 13. Bxe5 Bxe5 14. Qh5+
g6 15. Qh3 Qe7 16. Qe3 Bxc3 17. bxc3 O-O-O 18. a4 Qf6 19. Be2 a5 20. Bg4 h5 21.
Bh3 g5 22. g3 g4 23. Bg2 h4 24. Bh1 Ba6 25. Qe2 Rdg8 26. Qd3 Qe5 27. Rac1 Qc5
28. Qd4 Bxc4 29. Qxc5 dxc5 30. Rfd1 Bb3 31. Rd2 Bxa4 32. e5 h3 33. Ra1 Bb5 34.
Rad1 Ba6 35. Bc6 Bc4 36. Be4 Bb3 37. Rb1 c4 38. f4 gxf3 39. Bxf3 Rd8 40. Rbb2
a4 41. Bg4 Rh6 42. Rxd8+ Kxd8 43. Kf2 a3 44. Rb1 Kd7 45. Ke3 Kc6 46. Ra1 Kd5
47. Kf4 c5 48. Bf3# 1-0

[Event "Open SSM Inverno"]
[Site "Milano ITA"]
[Date "2015.01.13"]
[Round "1"]
[White "Rutigliano, Cesare"]
[Black "Ciciotti, Augusto"]
[WhiteElo "1625"]
[BlackElo "1882"]
[Result "1/2-1/2"]
[PlyCount "64"]
[EventDate "2015.02.05"]

1. e4 c5 2. Nc3 g6 3. f4 Bg7 4. Nf3 Nc6 5. Bb5 e6 6. O-O Nge7 7. Bxc6 Nxc6 8.
Ne2 O-O 9. Ng3 d6 10. c3 Bd7 11. f5 exf5 12. exf5 Qc8 13. fxg6 hxg6 14. d4 cxd4
15. cxd4 d5 16. Be3 Bg4 17. Rc1 Qd7 18. a3 Rae8 19. Bf2 Bxf3 20. gxf3 Kh7 21.
Qd3 f5 22. Rce1 Rxe1 23. Rxe1 Re8 24. Rd1 a6 25. h4 Rf8 26. f4 Qd6 27. Qf3 Bh6
28. Ne2 Ne7 29. Kg2 Ng8 30. h5 gxh5 31. Qxh5 Qg6+ 32. Qxg6+ Kxg6 1/2-1/2

[Event "Open SSM Inverno"]
[Site "Milano ITA"]
[Date "2015.01.15"]
[Round "2"]
[White "Astengo, Corrado"]
[Black "Di Paola, Antonio"]
[WhiteElo "2123"]
[BlackElo "1717"]
[Result "1-0"]
[PlyCount "37"]
[EventDate "2015.02.05"]

1. e4 c6 2. d4 d5 3. exd5 cxd5 4. c4 Nf6 5. Nc3 e6 6. a3 Be7 7. Nf3 O-O 8. Bd3
dxc4 9. Bxc4 b6 10. Qe2 Bb7 11. O-O Nbd7 12. Re1 Re8 13. Ng5 Bf8 14. Nxf7 Kxf7
15. Bxe6+ Kg6 16. Qd3+ Ne4 17. Nxe4 Ne5 18. Qg3+ Kh5 19. Qxe5+ 1-0

[Event "Open SSM Inverno"]
[Site "Milano ITA"]
[Date "2015.01.15"]
[Round "2"]
[White "Casamassima, Paolo"]
[Black "Fattori, Arnaldo"]
[WhiteElo "1709"]
[BlackElo "1478"]
[Result "1-0"]
[PlyCount "49"]
[EventDate "2015.02.05"]

1. d4 g6 2. c4 Bg7 3. g3 d6 4. Bg2 f6 5. Nc3 Nh6 6. e3 Nf7 7. Nge2 O-O 8. O-O
c6 9. b4 Nd7 10. b5 cxb5 11. cxb5 Rb8 12. a4 b6 13. Qb3 Bb7 14. Nf4 Qc8 15. Bh3
f5 16. Ncd5 Bxd5 17. Nxd5 Re8 18. Bg2 Nf6 19. Nf4 e6 20. Bc6 Re7 21. Ba3 Nd8
22. Bxd6 Nxc6 23. bxc6 Re8 24. Bxb8 Qxc6 25. Be5 1-0

[Event "Open SSM Inverno"]
[Site "Milano ITA"]
[Date "2015.01.15"]
[Round "2"]
[White "Ciciotti, Augusto"]
[Black "Frignani, Alessandro"]
[WhiteElo "1882"]
[BlackElo "1378"]
[Result "1-0"]
[PlyCount "109"]
[EventDate "2015.02.05"]

1. d4 d5 2. Nf3 Bf5 3. c4 c6 4. Nc3 Nf6 5. cxd5 Nxd5 6. Qb3 Nxc3 7. bxc3 Qc7 8.
g3 Nd7 9. Bf4 Qb6 10. Bg2 Qxb3 11. axb3 f6 12. O-O g5 13. Bd2 a6 14. Rfe1 Bg7
15. e4 Bg6 16. c4 g4 17. Nh4 e5 18. Bc3 O-O 19. Rad1 Rad8 20. h3 gxh3 21. Bxh3
exd4 22. Ba5 b6 23. Bxd7 Rxd7 24. Nxg6 hxg6 25. Bxb6 f5 26. e5 d3 27. Bc5 Re8
28. Bd6 Bf8 29. c5 Bxd6 30. cxd6 Kf7 31. Rxd3 Re6 32. f4 Re8 33. Rc1 Rc8 34.
Rdc3 Rb8 35. Kg2 Ke6 36. R1c2 a5 37. Ra2 Ra7 38. Kf3 Kd7 39. Rh2 Ra6 40. Rh6
Rab6 41. Rxg6 Rxb3 42. Rg7+ Ke6 43. Re7+ Kd5 44. Rxb3 Rxb3+ 45. Kg2 Rb8 46. Ra7
Ke6 47. Rxa5 Rc8 48. Rc5 Kd7 49. Kf3 Rh8 50. Ra5 Rd8 51. Ke3 Rg8 52. Kd4 Rxg3
53. Ra7+ Kd8 54. e6 Rg6 55. Ra8# 1-0

[Event "Open SSM Inverno"]
[Site "Milano ITA"]
[Date "2015.01.15"]
[Round "2"]
[White "Colica, Daniele"]
[Black "Pelizzola, Danilo"]
[WhiteElo "1705"]
[BlackElo "2053"]
[Result "0-1"]
[PlyCount "90"]
[EventDate "2015.02.05"]

1. Nf3 Nf6 2. b3 d5 3. Bb2 Bf5 4. e3 Nbd7 5. Be2 e6 6. c4 Be7 7. O-O c6 8. Nc3
h6 9. cxd5 exd5 10. d4 O-O 11. Nd2 Re8 12. Bf3 Bd6 13. Re1 Qc7 14. h3 Rad8 15.
e4 dxe4 16. Ndxe4 Nxe4 17. Bxe4 Bxe4 18. Rxe4 Nf6 19. Rxe8+ Rxe8 20. Qf3 Bb4
21. a3 Bxc3 22. Bxc3 Nd5 23. Bd2 Re6 24. Be3 Nxe3 25. fxe3 Qe7 26. Qf4 Rxe3 27.
Qb8+ Kh7 28. Qxa7 Rxb3 29. Qa4 Qe3+ 30. Kh1 Rd3 31. Qc2 g6 32. Rf1 f5 33. Qc4
Qxd4 34. Qf7+ Qg7 35. Qe8 Rxa3 36. Rf2 Rd3 37. Re2 Rd7 38. Re6 c5 39. Kh2 Rc7
40. h4 h5 41. Qd8 c4 42. Re8 c3 43. Rh8+ Qxh8 44. Qxc7+ Qg7 45. Qf4 b5 0-1

[Event "Open SSM Inverno"]
[Site "Milano ITA"]
[Date "2015.01.15"]
[Round "2"]
[White "Colombo, Abner"]
[Black "Aloe, Giancarlo"]
[WhiteElo "1307"]
[BlackElo "1631"]
[Result "0-1"]
[PlyCount "22"]
[EventDate "2015.02.05"]

1. e4 c5 2. Nf3 e6 3. d4 cxd4 4. Nxd4 a6 5. Nc3 Nc6 6. Be3 Nf6 7. h3 Bb4 8.
Nde2 Nxe4 9. g3 Qf6 10. Qd3 d5 11. a3 Ne5 0-1

[Event "Open SSM Inverno"]
[Site "Milano ITA"]
[Date "2015.01.15"]
[Round "2"]
[White "Marchesotti, Giovanni"]
[Black "Rutigliano, Cesare"]
[WhiteElo "1479"]
[BlackElo "1625"]
[Result "1/2-1/2"]
[PlyCount "47"]
[EventDate "2015.02.05"]

1. c4 d5 2. e3 Nf6 3. Nc3 d4 4. exd4 Qxd4 5. Nf3 Qd8 6. d4 Bg4 7. Be2 g6 8. Be3
Bg7 9. O-O O-O 10. Ne5 Bf5 11. Bf3 c6 12. Qe2 Na6 13. g4 Bc8 14. Rfd1 Ne8 15.
Rd2 f5 16. gxf5 Bxf5 17. Rad1 Nd6 18. c5 Ne8 19. Nxc6 Qc7 20. Nd5 Qd7 21.
Ncxe7+ Kh8 22. Nxf5 Qxf5 23. Bg2 Rf7 24. Qd3 1/2-1/2

[Event "Open SSM Inverno"]
[Site "Milano ITA"]
[Date "2015.01.15"]
[Round "2"]
[White "Papale, Carmelo"]
[Black "Mariano, Elia"]
[WhiteElo "1799"]
[BlackElo "2229"]
[Result "0-1"]
[PlyCount "82"]
[EventDate "2015.02.05"]

1. e4 d5 2. exd5 Qxd5 3. Nc3 Qa5 4. d4 Nf6 5. Nf3 Bg4 6. h3 Bh5 7. g4 Bg6 8.
Bg2 c6 9. O-O e6 10. Re1 Nbd7 11. Bf4 Bb4 12. Rb1 O-O 13. a3 Bxc3 14. bxc3 Qxa3
15. Rxb7 Nb6 16. Ne5 Nfd5 17. Bxd5 cxd5 18. Nxg6 hxg6 19. Qa1 Qa4 20. Qxa4 Nxa4
21. Rc7 Rfc8 22. Rxc8+ Rxc8 23. Ra1 Nxc3 24. Be3 Rc7 25. Kf1 Rb7 26. Kg2 Nb5
27. Ra6 Rb6 28. Ra4 Rc6 29. Ra5 a6 30. Kf1 Kf8 31. Ke2 Ke7 32. Kd2 Kd7 33. Kd3
Rc3+ 34. Kd2 Ra3 35. Rxa3 Nxa3 36. Kc3 f6 37. Bf4 Nb5+ 38. Kd3 Nd6 39. Bxd6
Kxd6 40. c4 dxc4+ 41. Kxc4 g5 0-1

[Event "Open SSM Inverno"]
[Site "Milano ITA"]
[Date "2015.01.15"]
[Round "2"]
[White "Rottondi, Paolo"]
[Black "Bracco, Valter"]
[WhiteElo "1594"]
[BlackElo "1458"]
[Result "1-0"]
[PlyCount "35"]
[EventDate "2015.02.05"]

1. e4 c5 2. d4 cxd4 3. c3 Nf6 4. e5 Nd5 5. Bc4 Nb6 6. Bb3 Nc6 7. Nf3 e6 8. cxd4
d6 9. O-O Be7 10. Bf4 O-O 11. Nc3 a6 12. Rc1 Qc7 13. d5 exd5 14. Nxd5 Nxd5 15.
Bxd5 Bg4 16. exd6 Bxf3 17. Bxf3 Qb6 18. dxe7 1-0

[Event "Open SSM Inverno"]
[Site "Milano ITA"]
[Date "2015.01.15"]
[Round "2"]
[White "Silari, Andrea"]
[Black "Pipitone, Filippo Massimo"]
[WhiteElo "1719"]
[BlackElo "1545"]
[Result "1/2-1/2"]
[PlyCount "58"]
[EventDate "2015.02.05"]

1. e4 c5 2. Nf3 e6 3. d3 Nc6 4. g3 g6 5. Bg2 Bg7 6. O-O d6 7. c3 Nge7 8. Nh4 e5
9. f4 exf4 10. Bxf4 O-O 11. Qd2 Ne5 12. Na3 N7c6 13. h3 f6 14. Be3 Nf7 15. d4
cxd4 16. cxd4 Rb8 17. d5 Nce5 18. Bxa7 Ra8 19. Be3 Re8 20. Kh2 f5 21. exf5 Rxa3
22. fxg6 hxg6 23. Bd4 Ra8 24. b3 Bd7 25. Bxe5 Nxe5 26. a4 b5 27. a5 Bc8 28. Ra2
Ba6 29. b4 Rc8 1/2-1/2

[Event "Open SSM Inverno"]
[Site "Milano ITA"]
[Date "2015.01.15"]
[Round "2"]
[White "Villalba, Fernando"]
[Black "Giaretta, Fulvio"]
[WhiteElo "1833"]
[BlackElo "1818"]
[Result "0-1"]
[PlyCount "88"]
[EventDate "2015.02.05"]

1. d4 Nf6 2. Nf3 g6 3. Bf4 c5 4. c3 cxd4 5. cxd4 Bg7 6. e3 d6 7. Nc3 O-O 8. Be2
Nbd7 9. h3 a6 10. O-O b5 11. a3 Bb7 12. Qd2 Nb6 13. Rfc1 Rc8 14. Bh2 Qd7 15.
Qd1 Nfd5 16. Nxd5 Bxd5 17. Nd2 Na4 18. Rcb1 Qe6 19. Bg4 f5 20. Bf3 Bxf3 21.
Nxf3 h6 22. Ne1 Rc7 23. Nd3 Rfc8 24. Nf4 Qf7 25. Nd3 Nb6 26. Nb4 a5 27. Nd3 Rc2
28. Bg3 Kh7 29. Qe1 a4 30. Qa5 Na8 31. Qxb5 Qc4 32. Qxc4 R2xc4 33. Rc1 Nb6 34.
Rxc4 Rxc4 35. Rc1 e5 36. dxe5 dxe5 37. Rd1 e4 38. Ne5 Rc2 39. Nd7 Nc4 40. Nb8
Rxb2 41. Rc1 Nxa3 42. Rc7 Rxb8 43. Rxg7+ Kxg7 44. Bxb8 Nc2 0-1

[Event "Open SSM Inverno"]
[Site "Milano ITA"]
[Date "2015.01.20"]
[Round "3"]
[White "Aloe, Giancarlo"]
[Black "Marchesotti, Giovanni"]
[WhiteElo "1631"]
[BlackElo "1479"]
[Result "1-0"]
[PlyCount "83"]
[EventDate "2015.02.05"]

1. d4 Nf6 2. Nf3 b6 3. g3 Bb7 4. Bg2 e6 5. O-O Be7 6. c4 O-O 7. Nc3 d6 8. a3
Nbd7 9. Bg5 h6 10. Bd2 Ne4 11. Qc2 Nxc3 12. Bxc3 Nf6 13. b4 Ne4 14. Bb2 c5 15.
Rfd1 cxb4 16. axb4 Qc7 17. Rac1 Ng5 18. Nxg5 hxg5 19. e4 Rfc8 20. Qd2 Qd8 21.
d5 exd5 22. exd5 Rc7 23. Qe2 Bc8 24. c5 bxc5 25. bxc5 Rb8 26. c6 Bf5 27. Bc3
Rcc8 28. Qa6 Rb6 29. Qe2 Rbb8 30. Qe1 Bf6 31. Ba5 Qe8 32. Qd2 Qf8 33. Qe2 Rb2
34. Qa6 Rcb8 35. c7 R8b7 36. Qc6 Qc8 37. Re1 Bd7 38. Qxd7 Qxd7 39. c8=Q+ Kh7
40. Be4+ g6 41. Qxd7 Rxd7 42. Rc6 1-0

[Event "Open SSM Inverno"]
[Site "Milano ITA"]
[Date "2015.01.20"]
[Round "3"]
[White "Baccarin, Stefano"]
[Black "Silari, Andrea"]
[WhiteElo "1673"]
[BlackElo "1719"]
[Result "1-0"]
[PlyCount "63"]
[EventDate "2015.02.05"]

1. e4 c5 2. Nc3 Nc6 3. g3 g6 4. Bg2 Bg7 5. f4 e6 6. Nf3 Nge7 7. O-O O-O 8. d3
a6 9. Ne2 b5 10. c3 Bb7 11. Qc2 Rc8 12. Be3 d6 13. Rfd1 Qc7 14. d4 cxd4 15.
Nexd4 Nxd4 16. Bxd4 d5 17. e5 Nf5 18. Bf2 b4 19. Rd3 Rfd8 20. Nd4 Nxd4 21. Bxd4
Bf8 22. Qf2 Qc4 23. Bf1 Qc6 24. Rad1 a5 25. g4 bxc3 26. Rxc3 Qa4 27. Rb3 Bc6
28. f5 exf5 29. gxf5 Bg7 30. Qh4 Ba8 31. Bb5 Qxa2 32. Ra3 1-0

[Event "Open SSM Inverno"]
[Site "Milano ITA"]
[Date "2015.01.20"]
[Round "3"]
[White "Bracco, Valter"]
[Black "Fattori, Arnaldo"]
[WhiteElo "1458"]
[BlackElo "1478"]
[Result "0-1"]
[PlyCount "82"]
[EventDate "2015.02.05"]

1. e4 g6 2. Nc3 Bg7 3. g3 Nh6 4. d3 f6 5. Be3 O-O 6. Bg2 c6 7. h3 Nf7 8. Nge2
Na6 9. O-O Nc7 10. Qd2 Rb8 11. Bxa7 Ra8 12. Be3 Na6 13. a3 d6 14. Na4 c5 15.
Nac3 Nc7 16. Rab1 Rb8 17. Nf4 e6 18. Nfe2 Bd7 19. Kh2 Qc8 20. b3 f5 21. exf5
exf5 22. Nf4 Bc6 23. Nfd5 Qd8 24. Nxc7 Qxc7 25. a4 Bxg2 26. Kxg2 Qc6+ 27. Kh2
Ne5 28. f4 Nf3+ 29. Rxf3 Qxf3 30. Nb5 Rbe8 31. Re1 Qc6 32. Qf2 b6 33. Rd1 Re7
34. Bd2 Rfe8 35. Re1 Rxe1 36. Bxe1 Re6 37. Qf1 Qd7 38. Bd2 Qe7 39. Qc1 Re2+ 40.
Kg1 Qb7 41. Qf1 Rxd2 0-1

[Event "Open SSM Inverno"]
[Site "Milano ITA"]
[Date "2015.01.20"]
[Round "3"]
[White "Giaretta, Fulvio"]
[Black "Ciciotti, Augusto"]
[WhiteElo "1818"]
[BlackElo "1882"]
[Result "1-0"]
[PlyCount "87"]
[EventDate "2015.02.05"]

1. c4 Nf6 2. d4 g6 3. Nc3 Bg7 4. Nf3 O-O 5. e3 d6 6. Be2 Nbd7 7. e4 c6 8. O-O
e5 9. Be3 h6 10. h3 Re8 11. Qc2 Qe7 12. d5 Nf8 13. Rad1 c5 14. Qd2 Kh7 15. Nh2
a6 16. g4 Ng8 17. Bf3 Rb8 18. a4 b6 19. Be2 Kh8 20. f3 Nh7 21. Qe1 Rf8 22. Bd3
Bf6 23. Bf2 Bg5 24. Ne2 Bd7 25. h4 Bf6 26. Nc3 Qe8 27. Ra1 Qd8 28. Bg3 Bg7 29.
f4 exf4 30. Bxf4 Qe7 31. Qg3 Be5 32. Bxe5+ dxe5 33. Nf3 Rbe8 34. a5 h5 35. g5
f6 36. axb6 fxg5 37. Nxg5 Nxg5 38. Qxg5 Rxf1+ 39. Rxf1 Qd6 40. Rf7 Bg4 41. Rc7
Ne7 42. Na4 Kg7 43. Nxc5 Qxb6 44. Rxe7+ 1-0

[Event "Open SSM Inverno"]
[Site "Milano ITA"]
[Date "2015.01.20"]
[Round "3"]
[White "Mariano, Elia"]
[Black "Pelizzola, Danilo"]
[WhiteElo "2229"]
[BlackElo "2053"]
[Result "1-0"]
[PlyCount "65"]
[EventDate "2015.02.05"]

1. d4 Nf6 2. c4 e6 3. g3 c5 4. d5 exd5 5. cxd5 b5 6. Nf3 g6 7. e4 Nxe4 8. Bd3
f5 9. O-O Bg7 10. Bxb5 O-O 11. Nbd2 Nd6 12. Bd3 Ba6 13. Qc2 c4 14. Nxc4 Nxc4
15. Bxc4 Qc7 16. Nd2 Rc8 17. d6+ Qxc4 18. Nxc4 Rxc4 19. Qb3 Nc6 20. Be3 Rb8 21.
Qd1 Bxb2 22. Rb1 Rcb4 23. Qd5+ Kg7 24. Rxb2 Rxb2 25. Bd4+ Nxd4 26. Qxd4+ Kh6
27. Re1 Rb1 28. Rxb1 Rxb1+ 29. Kg2 Bb7+ 30. Kh3 Rg1 31. Qh4+ Kg7 32. Qe7+ Kh6
33. Kh4 1-0

[Event "Open SSM Inverno"]
[Site "Milano ITA"]
[Date "2015.01.20"]
[Round "3"]
[White "Montaruli, Roberto"]
[Black "Astengo, Corrado"]
[WhiteElo "1844"]
[BlackElo "2123"]
[Result "1-0"]
[PlyCount "47"]
[EventDate "2015.02.05"]

1. d4 Nf6 2. Nc3 d5 3. Bg5 Nbd7 4. f3 h6 5. Bh4 c6 6. Qd2 e6 7. e4 dxe4 8. Bxf6
Nxf6 9. fxe4 Bb4 10. e5 Ne4 11. Qe3 Qa5 12. Nge2 Nxc3 13. Nxc3 c5 14. O-O-O O-O
15. Ne4 Qxa2 16. c3 cxd4 17. Rxd4 Qa1+ 18. Kc2 Be7 19. Nf6+ Bxf6 20. exf6 Bd7
21. Bb5 Qxh1 22. Rg4 Qxh2 23. Rxg7+ Kh8 24. Qe4 1-0

[Event "Open SSM Inverno"]
[Site "Milano ITA"]
[Date "2015.01.20"]
[Round "3"]
[White "Pasini, Nicolo'"]
[Black "Colombo, Abner"]
[WhiteElo "1644"]
[BlackElo "1307"]
[Result "1-0"]
[PlyCount "27"]
[EventDate "2015.02.05"]

1. e4 d6 2. Nf3 e5 3. d4 exd4 4. Bc4 h6 5. Nxd4 Nf6 6. Nc3 a6 7. O-O b5 8. Bb3
Bb7 9. Re1 Nbd7 10. f4 Be7 11. e5 dxe5 12. fxe5 Nc5 13. exf6 gxf6 14. Nf5 1-0

[Event "Open SSM Inverno"]
[Site "Milano ITA"]
[Date "2015.01.20"]
[Round "3"]
[White "Rutigliano, Cesare"]
[Black "Papale, Carmelo"]
[WhiteElo "1625"]
[BlackElo "1799"]
[Result "1-0"]
[PlyCount "43"]
[EventDate "2015.02.05"]

1. e4 c5 2. Nc3 e6 3. f4 Nc6 4. Nf3 d5 5. e5 Nge7 6. Bb5 a6 7. Bxc6+ Nxc6 8.
O-O Be7 9. a3 b5 10. d3 Qc7 11. Ne2 Bb7 12. Ng3 O-O 13. Qe1 Nd4 14. Nxd4 cxd4
15. Qe2 Rac8 16. Nh5 g6 17. Qg4 Kh8 18. Nf6 Bxf6 19. exf6 h5 20. Qg5 Kh7 21. f5
Rh8 22. Qh6+ 1-0

[Event "Open SSM Inverno"]
[Site "Milano ITA"]
[Date "2015.01.20"]
[Round "3"]
[White "Spina, Antonio"]
[Black "Casamassima, Paolo"]
[WhiteElo "1467"]
[BlackElo "1709"]
[Result "1-0"]
[PlyCount "72"]
[EventDate "2015.02.05"]

1. e4 c5 2. Nf3 e6 3. d4 cxd4 4. Nxd4 a6 5. Bd3 Nc6 6. Nxc6 bxc6 7. O-O Nf6 8.
b3 Be7 9. Bb2 O-O 10. c4 d5 11. cxd5 cxd5 12. e5 Nd7 13. Nd2 Nc5 14. Bc2 Bb7
15. Nf3 Rc8 16. Nd4 Qb6 17. Ba3 Rfe8 18. Nf3 Rcd8 19. Qd4 Qb5 20. Nd2 Rc8 21.
Rac1 Qa5 22. Bxc5 Bxc5 23. Qd3 g6 24. a4 Qc7 25. Rfe1 Ba3 26. h4 Bxc1 27. Rxc1
Qxe5 28. Nf3 Qb2 29. Qd2 e5 30. h5 Re6 31. hxg6 Rxg6 32. Nh4 Rg4 33. Bxh7+ Kxh7
34. Qxb2 Rxc1+ 35. Qxc1 Rxh4 36. Qc7 Rb4 1-0